Jean Sibelius /
Saved in:
| Main Author: | |
|---|---|
| Format: | Book |
| Language: | English |
| Published: |
London :
Phaidon Press,
1997.
|
| Series: | 20th-century composers.
|
| Subjects: | |
| Tags: |
Add Tag
No Tags, Be the first to tag this record!
|
| LEADER | 01277nam a2200337 a 4500 | ||
|---|---|---|---|
| 001 | 007719042-4 | ||
| 005 | 20020606104010.5 | ||
| 008 | 980505s1997 enka bk 001 0 eng d | ||
| 020 | |a 0714835811 | ||
| 035 | 0 | |a ocm37689807 | |
| 035 | 1 | |a MAHS98B500 | |
| 035 | 1 | |z NYCGAMT5492B | |
| 040 | |a ESU |c ESU |d MH-Mu | ||
| 043 | |a e-fi--- | ||
| 050 | 0 | 0 | |a ML410.S54 |b R47 1997 |
| 100 | 1 | |a Rickards, Guy. | |
| 245 | 1 | 0 | |a Jean Sibelius / |c by Guy Rickards. |
| 260 | |a London : |b Phaidon Press, |c 1997. | ||
| 300 | |a 240 p. : |b ill. ; |c 22 cm. | ||
| 490 | 1 | |a 20th-century composers | |
| 504 | |a List of works: p. 206-224. | ||
| 504 | |a Discography: p. 228-233. | ||
| 504 | |a Includes bibliographical references and index. | ||
| 505 | 0 | |a Youth in Hämeenlinna 1865-85 -- Helsinki, Berlin, Vienna 1885-92 -- The nationalist poet 1892-9 -- The way of the future 1899-1907 -- Miraculous logic 1907-14 -- Pure, cold water 1919-27 -- The silence of Järvenpää 1927-57. | |
| 600 | 1 | 0 | |a Sibelius, Jean, |d 1865-1957. |
| 650 | 0 | |a Composers |z Finland |x Biography. | |
| 655 | 7 | |a Biography. |2 fast |0 (OCoLC)fst01423686 | |
| 776 | 0 | 8 | |i Online version: |a Rickards, Guy. |t Jean Sibelius. |d London : Phaidon Press, 1997 |w (OCoLC)655201277 |
| 830 | 0 | |a 20th-century composers. | |
| 988 | |a 20020608 | ||
| 906 | |0 RLIN | ||


